[Event "World Rapid Team 2023"]
[Site "Dusseldorf GER"]
[Date "2023.08.27"]
[Round "5.1"]
[Board "5"]
[White "Dronavalli, Harika"]
[Black "Lagno, Kateryna"]
[Result "1-0"]
[WhiteTitle "GM"]
[BlackTitle "GM"]
[WhiteElo "2500"]
[BlackElo "2552"]
[WhiteTeam "Team MGD1"]
[BlackTeam "ASV AlphaEchecs Linz"]
[WhiteFideId "5015197"]
[BlackFideId "14109336"]
[EventDate "2023.08.26"]

1. d4 Nf6 2. c4 e6 3. Nf3 d5 4. Nc3 Nbd7 5. Bg5 h6 6. Bh4 Be7 7. e3 O-O 8. Rc1
c5 9. cxd5 Nxd5 10. Bxe7 Nxe7 11. Be2 b6 12. dxc5 Nxc5 13. b4 Nd7 14. O-O Bb7
15. Nb5 Bd5 16. a3 a5 17. Nfd4 axb4 18. axb4 Rc8 19. Nc3 Bc4 20. Ne4 Ne5 21.
Bxc4 Nxc4 22. Qe2 Qd5 23. Nc3 Qd6 24. b5 Na5 25. Ne4 Qe5 26. Nd2 Rc5 27. Rxc5
Qxc5 28. N2b3 Nxb3 29. Nxb3 Qb4 30. Nd4 Rc8 31. h3 e5 32. Nf3 Rc5 33. Rd1 Qxb5
34. Rd8+ Kh7 35. Qxb5 Rxb5 36. Rd7 Nc6 37. Rxf7 Rc5 38. Nh4 b5 39. g4 Nd8 40.
Rd7 Ne6 41. Nf5 Kg6 42. Rb7 h5 43. Rb6 hxg4 44. hxg4 Kf6 45. Nxg7 Kxg7 46. Rxe6
b4 47. Rb6 Rc4 48. f3 e4 49. f4 Rc3 50. Kf2 Rc2+ 51. Kg3 Re2 52. Rxb4 Rxe3+ 53.
Kh4 Re1 54. Kg5 Kf7 55. f5 e3 56. Rb7+ Ke8 57. Kf6 Rg1 58. g5 Rg3 59. g6 Kd8 60.
Re7 1-0

[Event "World Rapid Team 2023"]
[Site "Dusseldorf GER"]
[Date "2023.08.27"]
[Round "5.1"]
[Board "6"]
[White "Llari, Marc"]
[Black "Peter Anand, A"]
[Result "1/2-1/2"]
[WhiteTitle "CM"]
[WhiteElo "2092"]
[BlackElo "1949"]
[WhiteTeam "ASV AlphaEchecs Linz"]
[BlackTeam "Team MGD1"]
[WhiteFideId "651044269"]
[BlackFideId "25003801"]
[EventDate "2023.08.26"]

1. e4 c6 2. d4 d5 3. e5 c5 4. dxc5 e6 5. a3 Bxc5 6. b4 Bb6 7. Nf3 Ne7 8. Bb2 a6
9. Bd3 Ng6 10. O-O O-O 11. Nbd2 Nf4 12. Nb3 Bd7 13. Qd2 Nxd3 14. cxd3 Ba4 15.
Nbd4 Nc6 16. Rfc1 Rc8 17. Nxc6 Bxc6 18. Bd4 Re8 19. Qe3 Bxd4 20. Qxd4 Ba4 21.
Rc5 Qd7 22. Rac1 Rxc5 23. Qxc5 Qb5 24. Qxb5 Bxb5 25. Rc3 f6 26. Kf1 Rd8 27. Ke2
Kf7 28. Ke3 Bc6 29. Kd4 g5 30. exf6 Kxf6 31. Ne5 Be8 32. Rc7 b6 33. h3 h5 34. g3
Rb8 35. f4 gxf4 36. gxf4 Ra8 37. Rb7 Kf5 38. Rxb6 Bb5 39. Rb7 Kxf4 40. Rf7+ Kg3
41. Rf3+ Kg2 42. Re3 a5 43. Kc5 axb4 44. axb4 Be8 45. Kd6 Rb8 46. Kxe6 d4 47.
Re4 Rxb4 48. h4 Bb5 49. Kd5 Ba6 50. Kc5 Ra4 51. Ng6 Bxd3 52. Nf4+ Kf3 53. Rxd4
Rxd4 54. Kxd4 Kxf4 55. Kxd3 Kg4 56. Ke2 Kxh4 57. Kf1 Kg3 58. Kg1 h4 59. Kh1 h3
60. Kg1 h2+ 61. Kh1 Kh3 1/2-1/2

[Event "World Rapid Team 2023"]
[Site "Dusseldorf GER"]
[Date "2023.08.27"]
[Round "5.2"]
[Board "1"]
[White "Sargissian, Gabriel"]
[Black "Jobava, Baadur"]
[Result "0-1"]
[WhiteTitle "GM"]
[BlackTitle "GM"]
[WhiteElo "2692"]
[BlackElo "2574"]
[WhiteTeam "Armenia"]
[BlackTeam "Columbus Energy KingsOfChess Krakow"]
[WhiteFideId "13300881"]
[BlackFideId "13601520"]
[EventDate "2023.08.26"]

1. d4 Nf6 2. Nf3 d5 3. c4 c6 4. Nc3 dxc4 5. a4 a5 6. e3 Bg4 7. Bxc4 e6 8. h3 Bh5
9. g4 Bg6 10. h4 Bb4 11. h5 Be4 12. Bd2 Bd5 13. Bd3 h6 14. Rg1 Nbd7 15. g5 hxg5
16. Nxg5 Qb6 17. Be2 Be7 18. Nxd5 exd5 19. Qc2 Bb4 20. O-O-O Rh6 21. e4 Bxd2+
22. Rxd2 Nxe4 23. Nxe4 dxe4 24. Qxe4+ Re6 25. Qh7 Ke7 26. Bc4 Nf6 27. Qf5 Re4
28. Rxg7 Re1+ 29. Kc2 Rf8 30. Qg6 Qd8 31. Bxf7 Qd6 32. Bb3+ Kd8 33. h6 Qf4 34.
Qg3 Qe4+ 35. Qd3 Qh1 36. Bc4 Ne4 37. h7 Rc1+ 38. Kb3 Rf3 39. Rg8+ Kc7 40. h8=Q
Nxd2+ 0-1

[Event "World Rapid Team 2023"]
[Site "Dusseldorf GER"]
[Date "2023.08.27"]
[Round "5.2"]
[Board "2"]
[White "Teclaf, Pawel"]
[Black "Martirosyan, Haik M."]
[Result "0-1"]
[WhiteTitle "IM"]
[BlackTitle "GM"]
[WhiteElo "2586"]
[BlackElo "2683"]
[WhiteTeam "Columbus Energy KingsOfChess Krakow"]
[BlackTeam "Armenia"]
[WhiteFideId "1185934"]
[BlackFideId "13306553"]
[EventDate "2023.08.26"]

1. c4 e5 2. g3 Nf6 3. Bg2 d5 4. cxd5 Nxd5 5. Nc3 Nb6 6. Nf3 Nc6 7. O-O Be7 8.
Rb1 a5 9. d3 Be6 10. Be3 f5 11. Bxb6 cxb6 12. e3 O-O 13. d4 Bc4 14. Nxe5 Nxe5
15. dxe5 Bxf1 16. Qb3+ Kh8 17. Rxf1 Qc7 18. f4 Bc5 19. Nd5 Qc6 20. Kh1 Rad8 21.
e4 fxe4 22. Bxe4 Qh6 23. Kg2 Rde8 24. Qc3 Rc8 25. Qd3 Rce8 26. h4 Qh5 27. Bf3
Qf7 28. Be4 Qh5 29. Qd1 Qh6 30. a3 a4 31. Rf3 b5 32. Qd3 Rd8 33. Qxb5 Qc6 34.
Qxc6 bxc6 35. Nc3 Rd2+ 36. Kh3 Bg1 37. h5 Rxb2 38. Bxc6 g6 39. hxg6 h5 40. Kh4
Rf5 0-1

[Event "World Rapid Team 2023"]
[Site "Dusseldorf GER"]
[Date "2023.08.27"]
[Round "5.2"]
[Board "3"]
[White "Sargsyan, Shant"]
[Black "Gumularz, Szymon"]
[Result "1/2-1/2"]
[WhiteTitle "GM"]
[BlackTitle "GM"]
[WhiteElo "2639"]
[BlackElo "2588"]
[WhiteTeam "Armenia"]
[BlackTeam "Columbus Energy KingsOfChess Krakow"]
[WhiteFideId "13306766"]
[BlackFideId "1188062"]
[EventDate "2023.08.26"]

1. d4 Nf6 2. c4 e6 3. Nf3 d5 4. g3 Bb4+ 5. Bd2 Be7 6. Bg2 O-O 7. O-O c6 8. Qc2
Nbd7 9. a4 a5 10. Rc1 Ne4 11. Ne1 Nd6 12. Na3 dxc4 13. Nxc4 Nxc4 14. Qxc4 e5 15.
Bc3 Nb6 16. Qd3 exd4 17. Qxd4 Qxd4 18. Bxd4 Nd7 19. Nd3 Bf6 20. Bxf6 Nxf6 21.
Nc5 Re8 22. e3 Nd7 23. h4 Nxc5 24. Rxc5 Rd8 25. Rac1 Be6 26. Be4 g6 27. Kf1 Kf8
28. Ke2 Ke7 29. R1c3 Ra6 30. b3 Rb6 31. Bc2 Rd5 32. Rxd5 Bxd5 33. e4 Be6 34. Ke3
Rb4 35. f4 f6 36. Bd1 f5 37. e5 Bd5 38. Kd2 Ke6 39. Re3 c5 40. Rc3 b6 41. Bc2 h6 1/2-1/2

[Event "World Rapid Team 2023"]
[Site "Dusseldorf GER"]
[Date "2023.08.27"]
[Round "5.2"]
[Board "4"]
[White "Jakubiec, Artur"]
[Black "Ter-Sahakyan, Samvel"]
[Result "0-1"]
[WhiteTitle "GM"]
[BlackTitle "GM"]
[WhiteElo "2442"]
[BlackElo "2609"]
[WhiteTeam "Columbus Energy KingsOfChess Krakow"]
[BlackTeam "Armenia"]
[WhiteFideId "1103261"]
[BlackFideId "13302531"]
[EventDate "2023.08.26"]

1. e4 c5 2. Nf3 Nc6 3. d4 cxd4 4. Nxd4 Nf6 5. Nc3 e6 6. Ndb5 d6 7. Bf4 e5 8. Bg5
a6 9. Na3 b5 10. Bxf6 gxf6 11. Nd5 f5 12. c3 Bg7 13. Bd3 Be6 14. Nxb5 axb5 15.
Bxb5 Rc8 16. Qa4 Bd7 17. exf5 O-O 18. O-O Kh8 19. Qe4 f6 20. Rad1 Be8 21. Rd3
Bf7 22. Rfd1 Bh5 23. g4 Bf7 24. a4 Rg8 25. Ne3 Ne7 26. Rxd6 Qf8 27. Kh1 Bb3 28.
R1d2 Bh6 29. Qb4 Bxe3 30. fxe3 Nxf5 31. Rc6 Qxb4 32. cxb4 Nxe3 33. Rxc8 Rxc8 34.
Kg1 Nd5 35. a5 Nxb4 36. a6 Bd5 37. g5 f5 38. h4 f4 39. h5 Kg7 40. Rd1 Rc5 41.
Bf1 e4 42. Rd4 Nc6 43. Ra4 Na7 44. b4 Rc1 45. b5 e3 0-1

[Event "World Rapid Team 2023"]
[Site "Dusseldorf GER"]
[Date "2023.08.27"]
[Round "5.2"]
[Board "5"]
[White "Danielian, Elina"]
[Black "Kulon, Klaudia"]
[Result "0-1"]
[WhiteTitle "GM"]
[BlackTitle "IM"]
[WhiteElo "2416"]
[BlackElo "2320"]
[WhiteTeam "Armenia"]
[BlackTeam "Columbus Energy KingsOfChess Krakow"]
[WhiteFideId "13300210"]
[BlackFideId "1131044"]
[EventDate "2023.08.26"]

1. Nf3 Nf6 2. c4 e6 3. g3 d5 4. Bg2 d4 5. O-O c5 6. d3 Nc6 7. e3 e5 8. exd4 exd4
9. Bg5 Be7 10. Re1 O-O 11. Ne5 Nxe5 12. Rxe5 Bd6 13. Re1 h6 14. Bxf6 Qxf6 15.
Nd2 Bc7 16. a3 a5 17. Ne4 Qb6 18. Rb1 Bd7 19. Qh5 f5 20. Nd2 Rae8 21. Rxe8 Bxe8
22. Bd5+ Kh7 23. Qf3 Bc6 24. Bxc6 bxc6 25. Qe2 Qb8 26. Qe6 Rf6 27. Qe2 Bd6 28.
b3 Rf7 29. Kg2 Re7 30. Qf3 Qc8 31. h4 g6 32. Nf1 h5 33. Rb2 Qe8 34. Nh2 Re1 35.
Nf1 Kg7 36. Nd2 Rc1 37. Rb1 Rxb1 38. Nxb1 Qe1 39. Qxc6 Bf8 40. Qc7+ Kg8 41. Qb6
Kh7 42. b4 axb4 43. axb4 Qxb1 44. Qc7+ Bg7 45. b5 Qxd3 46. b6 Qe4+ 47. Kh2 d3
48. Qd7 Qd4 49. Qxd4 cxd4 50. f4 d2 51. b7 d1=Q 52. b8=Q Qe2+ 0-1

[Event "World Rapid Team 2023"]
[Site "Dusseldorf GER"]
[Date "2023.08.27"]
[Round "5.2"]
[Board "6"]
[White "Przedlacki, Wiktor"]
[Black "Atoyan, Alberto"]
[Result "0-1"]
[WhiteElo "1702"]
[BlackElo "1896"]
[WhiteTeam "Columbus Energy KingsOfChess Krakow"]
[BlackTeam "Armenia"]
[WhiteFideId "21099529"]
[BlackFideId "13314831"]
[EventDate "2023.08.26"]

1. e4 c5 2. Nf3 d6 3. d4 cxd4 4. Nxd4 Nf6 5. Nc3 a6 6. Rg1 e5 7. Nb3 Be6 8. g4
d5 9. exd5 Nxd5 10. Nxd5 Qxd5 11. Qxd5 Bxd5 12. Be3 Nc6 13. O-O-O O-O-O 14. Be2
Be7 15. c3 Kc7 16. f3 a5 17. c4 Be6 18. a3 h6 19. Kc2 Bg5 20. Bf2 b6 21. c5
Bxb3+ 22. Kxb3 Nd4+ 23. Bxd4 exd4 24. cxb6+ Kxb6 25. Bd3 Rhe8 26. Rde1 Kc5 27.
Kc2 Kd6 28. Rxe8 Rxe8 29. Be4 Rc8+ 30. Kd3 Ke5 31. b4 axb4 32. axb4 Rc3+ 33. Ke2
Re3+ 34. Kf2 Rxe4 35. fxe4 Be3+ 36. Kg2 Bxg1 37. Kxg1 Kxe4 38. Kf2 0-1

[Event "World Rapid Team 2023"]
[Site "Dusseldorf GER"]
[Date "2023.08.27"]
[Round "5.3"]
[Board "1"]
[White "Eljanov, Pavel"]
[Black "Donchenko, Alexander"]
[Result "1/2-1/2"]
[WhiteTitle "GM"]
[BlackTitle "GM"]
[WhiteElo "2695"]
[BlackElo "2684"]
[WhiteTeam "Ashdod Elit Chess Club"]
[BlackTeam "Germany and Friends"]
[WhiteFideId "14102951"]
[BlackFideId "24603295"]
[EventDate "2023.08.26"]

1. e4 c5 2. Nf3 d6 3. d4 cxd4 4. Nxd4 Nf6 5. Nc3 a6 6. Be2 e5 7. Nb3 Be7 8. O-O
O-O 9. Qd3 Be6 10. Bd2 Nbd7 11. Nd5 Bxd5 12. exd5 Qc7 13. c4 a5 14. Bc3 Rfe8 15.
Kh1 Bf8 16. g4 a4 17. Nd2 Nc5 18. Qf5 b5 19. g5 Nfd7 20. cxb5 Nb6 21. Bb4 Nxd5
22. Bxc5 Qxc5 23. Ne4 Ne7 24. Qf3 Qb6 25. Nc3 d5 26. Nxd5 Nxd5 27. Qxd5 Rad8 28.
Qc6 Qd4 29. Rad1 Qxb2 30. Bc4 Rc8 31. Qe4 Re7 32. Rb1 Qd4 33. Bd3 g6 34. b6 Qd6
35. b7 Rb8 36. Be2 Rc7 37. Bf3 Be7 38. Rfd1 Qe6 39. Rb5 Qxa2 40. Qxe5 Qxf2 41.
Bg2 Qc2 42. Rf1 Bf8 43. Bd5 Qd3 44. Rbb1 Rd8 45. Rfd1 Qc2 46. Qe4 Qxe4+ 47. Bxe4
Rb8 48. Rb5 a3 49. Ra5 Rcxb7 50. Bxb7 Rxb7 51. Rd8 Kg7 52. Raa8 a2 53. Rxa2 Be7
54. Rd5 h6 55. gxh6+ Kxh6 56. Kg2 Kg7 57. Rad2 Bf6 58. R2d3 Kh7 59. Kg3 Kg7 60.
h4 1/2-1/2

[Event "World Rapid Team 2023"]
[Site "Dusseldorf GER"]
[Date "2023.08.27"]
[Round "5.3"]
[Board "2"]
[White "Bluebaum, Matthias"]
[Black "Volokitin, Andrei"]
[Result "1/2-1/2"]
[WhiteTitle "GM"]
[BlackTitle "GM"]
[WhiteElo "2670"]
[BlackElo "2661"]
[WhiteTeam "Germany and Friends"]
[BlackTeam "Ashdod Elit Chess Club"]
[WhiteFideId "24651516"]
[BlackFideId "14107090"]
[EventDate "2023.08.26"]

1. d4 d5 2. c4 e6 3. Nc3 Nf6 4. cxd5 exd5 5. Bg5 Bb4 6. Qb3 c5 7. dxc5 Nc6 8.
O-O-O Be6 9. e4 d4 10. Bc4 Qe7 11. Nd5 Qxc5 12. Bxf6 gxf6 13. Kb1 O-O-O 14. Rc1
Kb8 15. Nf3 f5 16. Nxb4 Qxb4 17. Bxe6 fxe6 18. Qxe6 d3 19. Qxf5 Rhf8 20. Qe6
Rfe8 21. Qb3 Qxe4 22. Rcd1 d2+ 23. Qc2 Qxc2+ 24. Kxc2 Re2 25. Rxd2 Rdxd2+ 26.
Nxd2 Rxf2 27. Rf1 Rxg2 28. Rf8+ Kc7 29. Rf7+ Kb6 30. Rxh7 Nb4+ 31. Kb3 Rxd2 32.
Kxb4 Rxb2+ 33. Ka3 Rg2 1/2-1/2

[Event "World Rapid Team 2023"]
[Site "Dusseldorf GER"]
[Date "2023.08.27"]
[Round "5.3"]
[Board "3"]
[White "Smirin, Ilia"]
[Black "Svane, Rasmus"]
[Result "0-1"]
[WhiteTitle "GM"]
[BlackTitle "GM"]
[WhiteElo "2574"]
[BlackElo "2631"]
[WhiteTeam "Ashdod Elit Chess Club"]
[BlackTeam "Germany and Friends"]
[WhiteFideId "2801990"]
[BlackFideId "4657101"]
[EventDate "2023.08.26"]

1. e4 e5 2. Nf3 Nc6 3. Bb5 Nf6 4. d3 Bc5 5. Ba4 O-O 6. O-O d6 7. c3 Bb6 8. Nbd2
Ne7 9. Nc4 Ng6 10. Bc2 Re8 11. a4 c6 12. Nxb6 axb6 13. Be3 h6 14. h3 d5 15. Re1
c5 16. exd5 Nxd5 17. Bb3 Be6 18. Bd2 Nf6 19. Re3 Qd6 20. Qc2 Bxb3 21. Qxb3 Nd5
22. Re4 Nf6 23. Re3 Nf4 24. c4 e4 25. dxe4 Nxe4 26. Rae1 f5 27. Bc1 Qg6 28. Nh4
Qg5 29. Rf3 Ne2+ 30. Rxe2 Qxc1+ 31. Kh2 Rad8 32. Qc2 Qxc2 33. Rxc2 Nd2 34. Rfc3
Nf1+ 35. Kg1 Rd1 36. Rc1 Ree1 37. Rxd1 Rxd1 38. g4 fxg4 39. hxg4 Ne3+ 40. Kh2
Nxg4+ 41. Kg3 Ne5 42. Kf4 Nd3+ 43. Kf5 Nxb2 44. Ng6 Rd6 45. Ne5 Rf6+ 46. Ke4
Rxf2 47. Rb3 Nxa4 48. Ra3 Ra2 49. Rd3 Re2+ 50. Kf5 Rf2+ 51. Ke6 Nb2 52. Rd8+ Kh7
53. Nd7 h5 54. Ke7 Nxc4 0-1

[Event "World Rapid Team 2023"]
[Site "Dusseldorf GER"]
[Date "2023.08.27"]
[Round "5.3"]
[Board "4"]
[White "Kollars, Dmitrij"]
[Black "Galperin, Platon"]
[Result "1-0"]
[WhiteTitle "GM"]
[BlackTitle "GM"]
[WhiteElo "2628"]
[BlackElo "2566"]
[WhiteTeam "Germany and Friends"]
[BlackTeam "Ashdod Elit Chess Club"]
[WhiteFideId "12909572"]
[BlackFideId "14165414"]
[EventDate "2023.08.26"]

1. e4 c5 2. Nf3 Nc6 3. Bb5 e6 4. O-O Nd4 5. Nxd4 cxd4 6. c3 a6 7. Ba4 Bc5 8. d3
b5 9. Bc2 Ne7 10. Nd2 Bb6 11. cxd4 d5 12. Nb3 O-O 13. Be3 a5 14. Rc1 a4 15. Nc5
e5 16. Bb1 exd4 17. Bxd4 Nc6 18. Be3 Ne5 19. d4 Nc4 20. exd5 Re8 21. Qf3 Bc7 22.
Bf4 Bxf4 23. Qxf4 Nxb2 24. Rfe1 Rf8 25. d6 Ra7 26. Qe4 g6 27. Qc6 Nc4 28. Qxb5
Nxd6 29. Qb4 Bf5 30. h3 a3 31. d5 Re7 32. Qxa3 Rfe8 33. Rxe7 Qxe7 34. Bxf5 Nxf5
35. Qb4 Nh4 36. Rc4 Nf3+ 37. gxf3 f5 38. Ne6 1-0

[Event "World Rapid Team 2023"]
[Site "Dusseldorf GER"]
[Date "2023.08.27"]
[Round "5.3"]
[Board "5"]
[White "Muzychuk, Mariya"]
[Black "Bashylina, Luisa"]
[Result "1/2-1/2"]
[WhiteTitle "GM"]
[BlackTitle "WFM"]
[WhiteElo "2511"]
[BlackElo "2152"]
[WhiteTeam "Ashdod Elit Chess Club"]
[BlackTeam "Germany and Friends"]
[WhiteFideId "14114550"]
[BlackFideId "12983292"]
[EventDate "2023.08.26"]

1. e4 c5 2. Nf3 d6 3. Bb5+ Nd7 4. a4 Nf6 5. Nc3 g6 6. a5 Bg7 7. O-O O-O 8. Re1
a6 9. Bf1 b5 10. axb6 Nxb6 11. e5 Nfd5 12. exd6 exd6 13. Nxd5 Nxd5 14. d4 Bb7
15. c4 Nb4 16. d5 Bc8 17. Bg5 Bf6 18. Qd2 Bf5 19. Bxf6 Qxf6 20. Rac1 a5 21. Rc3
a4 22. h3 h5 23. Qf4 Kg7 24. g4 hxg4 25. hxg4 Bc2 26. Qg3 Rh8 27. g5 Qd8 28.
Rce3 Bf5 29. Rd1 Nc2 30. Rc3 Nb4 31. Bg2 Rh5 32. Re3 Nc2 33. Re2 Nd4 34. Nxd4
cxd4 35. f4 d3 36. Red2 Qb6+ 37. Qf2 Rb8 38. Bf1 Be4 39. Bg2 Bf5 40. Bf1 Be4 41.
Bg2 Bf5 42. Bf1 Be4 43. Bg2 1/2-1/2

[Event "World Rapid Team 2023"]
[Site "Dusseldorf GER"]
[Date "2023.08.27"]
[Round "5.3"]
[Board "6"]
[White "Lobkin, Bohdan"]
[Black "Blonder, Daniel"]
[Result "1-0"]
[WhiteElo "1795"]
[BlackElo "1824"]
[WhiteTeam "Germany and Friends"]
[BlackTeam "Ashdod Elit Chess Club"]
[WhiteFideId "34115552"]
[BlackFideId "2841754"]
[EventDate "2023.08.26"]

1. e4 g6 2. d4 Bg7 3. Nc3 d6 4. Nf3 Nf6 5. Be3 O-O 6. Qd2 c6 7. Bh6 b5 8. Bd3
Bg4 9. h4 Bxf3 10. gxf3 e5 11. h5 Nxh5 12. O-O-O Qf6 13. Rxh5 gxh5 14. Rg1 Qg6
15. Ne2 Nd7 16. Bxg7 Kxg7 17. f4 Kh8 18. Rxg6 fxg6 19. dxe5 dxe5 20. Bxb5 cxb5
21. Qxd7 Rae8 22. f5 h4 23. f6 Rg8 24. f7 1-0

[Event "World Rapid Team 2023"]
[Site "Dusseldorf GER"]
[Date "2023.08.27"]
[Round "5.4"]
[Board "1"]
[White "Rodshtein, Maxim"]
[Black "Moussard, Jules"]
[Result "0-1"]
[WhiteTitle "GM"]
[BlackTitle "GM"]
[WhiteElo "2606"]
[BlackElo "2661"]
[WhiteTeam "Rishon LeZion Chess Club"]
[BlackTeam "Chessbrah OFM"]
[WhiteFideId "2806851"]
[BlackFideId "642908"]
[EventDate "2023.08.26"]

1. d4 Nf6 2. c4 e6 3. Nc3 d5 4. cxd5 exd5 5. Bg5 Be7 6. e3 h6 7. Bh4 Bg4 8. Qc2
O-O 9. h3 Be6 10. Bd3 c5 11. Nge2 Nc6 12. a3 cxd4 13. exd4 Re8 14. O-O Rc8 15.
Rad1 Nh5 16. Bxe7 Qxe7 17. Qd2 Qd6 18. Bb1 Na5 19. Qd3 Nf6 20. Ba2 Nc4 21. Bxc4
dxc4 22. Qg3 Qb6 23. Rd2 Bf5 24. Nf4 Rcd8 25. Rfd1 Qd6 26. d5 a6 27. Rd4 b5 28.
Qf3 Nd7 29. Ne4 Bxe4 30. Rxe4 Nc5 31. Rxe8+ Rxe8 32. g3 Re5 33. Qg4 Nd3 34. Rd2
Nxf4 35. Qxf4 Re1+ 36. Kg2 Qxf4 37. gxf4 Kf8 38. d6 Ke8 39. d7+ Kd8 40. a4 b4
41. Rd4 Rc1 42. Rd6 b3 0-1

[Event "World Rapid Team 2023"]
[Site "Dusseldorf GER"]
[Date "2023.08.27"]
[Round "5.4"]
[Board "2"]
[White "Van Foreest, Jorden"]
[Black "Zanan, Evgeny"]
[Result "1/2-1/2"]
[WhiteTitle "GM"]
[BlackTitle "GM"]
[WhiteElo "2697"]
[BlackElo "2470"]
[WhiteTeam "Chessbrah OFM"]
[BlackTeam "Rishon LeZion Chess Club"]
[WhiteFideId "1039784"]
[BlackFideId "24101940"]
[EventDate "2023.08.26"]

1. c4 e6 2. Nc3 d5 3. d4 Nf6 4. cxd5 exd5 5. Bg5 Bb4 6. Qb3 c5 7. dxc5 Nc6 8.
O-O-O Be6 9. Nf3 Qa5 10. Bxf6 gxf6 11. Nxd5 O-O-O 12. e4 f5 13. Bc4 Qxc5 14. Qc2
fxe4 15. Nxb4 Qxc4 16. Nxc6 Rxd1+ 17. Rxd1 exf3 18. Ne7+ Kb8 19. Qxc4 Bxc4 20.
b3 Be2 21. Rg1 Re8 22. Nf5 Re5 23. Nd4 fxg2 24. Rxg2 Bd3 25. Kd2 Bg6 26. Rg4 Kc7
27. a4 a6 28. Rf4 b5 29. axb5 axb5 30. Kc3 Kd6 31. Kb4 Rh5 32. h4 Ke5 33. Rg4
Be4 34. Nxb5 f5 35. Rg7 Rxh4 36. Kc5 Rh2 37. Nd6 Rxf2 38. Rxh7 Bd5 39. Nc4+ Bxc4
40. bxc4 f4 1/2-1/2

[Event "World Rapid Team 2023"]
[Site "Dusseldorf GER"]
[Date "2023.08.27"]
[Round "5.4"]
[Board "3"]
[White "Bronstein, Or"]
[Black "Saric, Ivan"]
[Result "1/2-1/2"]
[WhiteTitle "IM"]
[BlackTitle "GM"]
[WhiteElo "2459"]
[BlackElo "2657"]
[WhiteTeam "Rishon LeZion Chess Club"]
[BlackTeam "Chessbrah OFM"]
[WhiteFideId "2815770"]
[BlackFideId "14508150"]
[EventDate "2023.08.26"]

1. d4 Nf6 2. c4 g6 3. Nc3 Bg7 4. e4 d6 5. Be2 O-O 6. h4 h5 7. Nf3 a6 8. O-O c5
9. d5 Re8 10. Bf4 Bg4 11. e5 Nh7 12. Re1 Nd7 13. e6 fxe6 14. dxe6 Bxe6 15. Bd3
Bf7 16. Ne4 e5 17. Bg5 Ndf6 18. Qc2 Re6 19. Rad1 Qe8 20. Bxf6 Bxf6 21. Nc3 Rb8
22. Be4 Be7 23. Bd5 Rf6 24. Ne4 Rf4 25. Bxf7+ Qxf7 26. Nxd6 Qf6 27. Ne4 Qf5 28.
Rd5 Rxf3 29. gxf3 Bxh4 30. Qd3 Rf8 31. Rxc5 Ng5 32. Qd5+ Kg7 33. Nxg5 Qxg5+ 34.
Kf1 Kh6 35. Qxe5 Qxe5 36. Rcxe5 Rxf3 37. R1e2 Bf6 38. R5e3 Rf5 39. Rd3 h4 40. b4
Rf4 41. Rc2 g5 42. Rd7 h3 43. Rxb7 Bd4 44. Rd7 g4 45. Kg1 Re4 46. Rxd4 Rxd4 47.
c5 Rxb4 48. c6 Rb8 49. Kh2 Kg5 50. c7 Rc8 51. Kg3 Kf5 52. Rc1 a5 53. a4 Ke6 54.
Kxg4 h2 55. Kg3 Rxc7 56. Re1+ Kf5 57. Kxh2 Rc4 58. Ra1 Kg4 59. Kg2 Rb4 60. Ra3
Rc4 61. Rg3+ Kh4 62. Ra3 Kg4 63. Rg3+ Kh4 64. Ra3 1/2-1/2

[Event "World Rapid Team 2023"]
[Site "Dusseldorf GER"]
[Date "2023.08.27"]
[Round "5.4"]
[Board "4"]
[White "Tari, Aryan"]
[Black "Kaspi, Alexander"]
[Result "1/2-1/2"]
[WhiteTitle "GM"]
[BlackTitle "IM"]
[WhiteElo "2629"]
[BlackElo "2405"]
[WhiteTeam "Chessbrah OFM"]
[BlackTeam "Rishon LeZion Chess Club"]
[WhiteFideId "1510045"]
[BlackFideId "2802910"]
[EventDate "2023.08.26"]

1. e4 d5 2. exd5 Qxd5 3. Nc3 Qa5 4. d4 Nf6 5. Nf3 c6 6. Bc4 Bf5 7. Ne5 e6 8. g4
Bg6 9. h4 Nbd7 10. Nxd7 Nxd7 11. h5 Be4 12. O-O Bd5 13. Nxd5 cxd5 14. Bd3 g6 15.
h6 Bd6 16. Qf3 a6 17. c3 O-O 18. Bd2 Qd8 19. Kg2 Qe7 20. Rae1 Rae8 21. Qh3 Qd8
22. f4 b5 23. a3 Qb8 24. Qf3 Qd8 25. Kh3 Qa8 26. Re2 Qc6 27. Be1 Qa8 28. Bg3 Qc6
29. Rfe1 Qa8 30. Qf2 Qb8 31. Qh2 Qa8 32. Re3 Qb8 33. Kg2 Qa8 34. R1e2 Qc8 35.
Kf1 Qa8 36. Ke1 Qd8 37. Kd1 Nb6 38. f5 Bxg3 39. Qxg3 exf5 40. gxf5 Rxe3 41. Rxe3
Qf6 42. Kc2 g5 43. Qh2 Kh8 44. Qc7 Rg8 45. Re7 Rf8 46. Qb7 g4 47. Re2 Qxh6 48.
Qxa6 g3 49. Qxb5 Qf6 50. Qc5 Rg8 51. Rg2 h5 52. Qc7 h4 53. Qf4 Qg5 54. Qe5+ f6
55. Qe6 Nc4 56. Kb1 Ne3 57. Rg1 g2 58. Be2 h3 59. Qd6 Nxf5 60. Qc7 Ng3 61. Bd3
f5 62. Qe5+ Qg7 63. Qf4 Qf6 64. Qf3 Qh6 65. Qxd5 h2 66. Qxg2 hxg1=Q+ 67. Qxg1
Qh1 68. Qxh1+ Nxh1 69. Bxf5 Kg7 70. a4 Kf6 71. Be4 Nf2 72. Bd5 Rd8 73. c4 Nd3
74. b3 Nb4 75. Bb7 Rd7 76. Ba8 Rxd4 77. Kb2 Ke5 78. a5 Rd7 79. Ka3 Nc2+ 80. Ka4
Kd4 81. Bc6 Rc7 82. Kb5 Kc3 83. Kb6 Re7 84. a6 Nb4 85. a7 Rxa7 86. Kxa7 Nxc6+
87. Kb6 Nd4 88. c5 Kxb3 89. c6 Nxc6 1/2-1/2

[Event "World Rapid Team 2023"]
[Site "Dusseldorf GER"]
[Date "2023.08.27"]
[Round "5.4"]
[Board "5"]
[White "Efroimski, Marsel"]
[Black "Khademalsharieh, Sarasadat"]
[Result "1/2-1/2"]
[WhiteTitle "IM"]
[BlackTitle "IM"]
[WhiteElo "2439"]
[BlackElo "2488"]
[WhiteTeam "Rishon LeZion Chess Club"]
[BlackTeam "Chessbrah OFM"]
[WhiteFideId "2810964"]
[BlackFideId "12512214"]
[EventDate "2023.08.26"]

1. e4 e5 2. Nf3 Nc6 3. Nc3 Nf6 4. Bb5 Bd6 5. d3 a6 6. Ba4 O-O 7. a3 Re8 8. Bb3
Bc5 9. Bg5 Be7 10. h3 d6 11. Bxf6 Bxf6 12. Nd5 Nd4 13. Nxd4 exd4 14. Nxf6+ Qxf6
15. O-O Be6 16. Bxe6 fxe6 17. f4 Rf8 18. Qg4 Qg6 19. Qxg6 hxg6 20. a4 Rf7 21. g3
Raf8 22. Kg2 Rf6 23. h4 R8f7 24. Rf3 e5 25. Raf1 exf4 1/2-1/2